[Event "Regionalliga West 1718 (Women)"]
[Site "Germany"]
[Date "2017.10.15"]
[Round "1.3"]
[White "Sokalska, Viktorija"]
[Black "Hoffmann, Hanna Dorina"]
[Result "1-0"]
[WhiteElo "2005"]
[BlackElo "1594"]
[PlyCount "119"]
[EventDate "2017.10.15"]
[EventType "team-tourn"]
[EventRounds "5"]
[EventCountry "GER"]
[SourceTitle "CBM 183 Extra"]
[Source "ChessBase"]
[SourceDate "2018.04.19"]
[SourceVersion "1"]
[SourceVersionDate "2018.04.19"]
[SourceQuality "1"]
[WhiteTeam "Muelheim Nord (W)"]
[BlackTeam "Dortmund (W)"]
[WhiteTeamCountry "GER"]
[BlackTeamCountry "GER"]

1. e4 c5 2. Nc3 Nc6 3. g3 Nf6 4. Bg2 e6 5. d3 Be7 6. f4 d6 7. Nf3 0-0 8. 0-0 a6 9. h3 b5 10. g4 c4 11. g5 Nh5 12. Kh2 g6 13. dxc4 bxc4 14. Qe2 a5 15. Be3 e5 16. fxe5 Nxe5 17. Nxe5 dxe5 18. Rad1 Qe8 19. Nd5 Bb7 20. Nc7 Qc8 21. Nxa8 Qxa8 22. Rd7 Bd8 23. Qf2 f6 24. Qe2 Ba6 25. c3 Bb5 26. Rd5 Bc6 27. Rc5 Kh8 28. Qxc4 Bb6 29. Rxc6 Bxe3 30. gxf6 Qd8 31. Qd5 Bf4+ 32. Kg1 Be3+ 33. Kh2 Bf4+ 34. Rxf4 Nxf4 35. Qxe5 Nh5 36. f7+ Ng7 37. Qd6 Qxd6+ 38. Rxd6 Nh5 39. Rd7 Kg7 40. Bf3 Nf6 41. Ra7 h6 42. e5 Nh7 43. e6 Nf6 44. Rxa5 Rb8 45. b3 Rf8 46. c4 Rd8 47. Bd5 Rf8 48. Ra7 Nxd5 49. cxd5 Rc8 50. d6 Rc2+ 51. Kg1 Rc1+ 52. Kf2 Rc2+ 53. Ke1 g5 54. Ra8 Rc1+ 55. Kd2 Rf1 56. d7 Rf2+ 57. Ke3 Rf6 58. f8Q+ Rxf8 59. Rxf8 Kxf8 60. d8Q+ 1-0

[Event "GER-chT U20 Girls"]
[Site "Osnabrueck"]
[Date "2013.12.27"]
[Round "1.3"]
[White "Hoffmann, Hanna Dorina"]
[Black "Marx, Jasmin"]
[Result "0-1"]
[WhiteElo "1662"]
[BlackElo "1250"]
[PlyCount "172"]
[EventDate "2013.12.27"]
[EventType "team-swiss"]
[EventRounds "7"]
[EventCountry "GER"]
[SourceTitle "EXT 2015"]
[Source "ChessBase"]
[SourceDate "2014.11.20"]
[SourceVersion "1"]
[SourceVersionDate "2014.11.20"]
[SourceQuality "1"]
[WhiteTeam "Dortmund"]
[BlackTeam "Welper SV"]
[WhiteTeamCountry "GER"]
[BlackTeamCountry "GER"]

1. d4 d5 2. c4 c6 3. Nc3 Nf6 4. Bf4 Bf5 5. Qb3 Bc8 6. e3 e6 7. Nf3 Bd6 8. Bg3 0-0 9. Bd3 Re8 10. Rc1 Bxg3 11. hxg3 Nbd7 12. g4 Nf8 13. Ne5 N6d7 14. Qc2 g6 15. Nf3 Qf6 16. cxd5 exd5 17. Ne2 Ne6 18. 0-0 Ng5 19. Nh2 Qg7 20. Ng3 Nf6 21. Qd1 Nfe4 22. Nxe4 Nxe4 23. Bxe4 Rxe4 24. Re1 Bd7 25. f3 Re7 26. e4 dxe4 27. fxe4 Rae8 28. e5 f6 29. Nf1 fxe5 30. dxe5 Rxe5 31. Rxe5 Rxe5 32. Qa4 a6 33. Qb4 Rb5 34. Qc4+ Kh8 35. b3 Rd5 36. Qf4 Qd4+ 37. Qxd4+ Rxd4 38. Ne3 Re4 39. Rd1 Re7 40. Kf2 Kg8 41. Rd4 Kf7 42. Nc4 Be6 43. Rf4+ Ke8 44. Nd6+ Kd8 45. Ne4 Bd5 46. Nf6 Kc7 47. g5 Kb6 48. Rd4 Rf7 49. Kg3 Kc5 50. Rh4 Re7 51. Nxh7 Re2 52. Nf6 Rxg2+ 53. Kf4 Be6 54. Ne4+ Kb6 55. Nc3 Rc2 56. Na4+ Kc7 57. Ke5 Bf5 58. Rh7+ Kb8 59. a3 Rg2 60. Kf6 Rg3 61. Nc5 Kc8 62. Rxb7 Rc3 63. b4 Rxc5 64. bxc5 Kxb7 65. Ke5 a5 66. Kd4 Ka6 67. Kc4 Be6+ 68. Kc3 Kb5 69. Kd4 Bd5 70. Kc3 Kxc5 71. a4 Kb6 72. Kd4 Bb3 73. Ke5 Bxa4 74. Kd4 Bc2 75. Kc3 Bf5 76. Kb3 Kb5 77. Kc3 a4 78. Kb2 Kb4 79. Ka1 Bg4 80. Kb2 a3+ 81. Ka2 c5 82. Kb1 Kb3 83. Ka1 c4 84. Kb1 Kc3 85. Kc1 Bc8 86. Kb1 Kd2 0-1

[Event "GER-chT U20 Girls"]
[Site "Osnabrueck"]
[Date "2012.12.29"]
[Round "5.2"]
[White "Hoffmann, Hanna Dorina"]
[Black "Tran, My Linh"]
[Result "0-1"]
[WhiteElo "1536"]
[BlackElo "2002"]
[PlyCount "52"]
[EventDate "2012.12.27"]
[EventType "team-swiss"]
[EventRounds "7"]
[EventCountry "GER"]
[SourceTitle "EXT 2014"]
[Source "ChessBase"]
[SourceDate "2013.11.20"]
[SourceVersion "1"]
[SourceVersionDate "2013.11.20"]
[SourceQuality "1"]
[WhiteTeam "Dortmund 1875"]
[BlackTeam "Rossdorf"]
[WhiteTeamCountry "GER"]
[BlackTeamCountry "GER"]

1. d4 Nf6 2. c4 c5 3. Nf3 cxd4 4. Nxd4 e5 5. Nf3 Nc6 6. e3 d5 7. cxd5 Nxd5 8. Bd2 e4 9. Nd4 Nxd4 10. exd4 Be7 11. Nc3 Nf6 12. Bg5 0-0 13. Bc4 h6 14. Bh4 a6 15. h3 b5 16. Bxf6 Bxf6 17. Bd5 Ra7 18. a3 Rd7 19. 0-0 Rxd5 20. Nxd5 Qxd5 21. Rb1 Bxd4 22. Qe2 Bb7 23. Rfd1 Qe5 24. Rd2 e3 25. fxe3 Bxe3+ 26. Kh1 Qg3 0-1

[Event "GER-chT U20 Girls"]
[Site "Osnabrueck"]
[Date "2012.12.28"]
[Round "4.2"]
[White "Spangenberg, Romy"]
[Black "Hoffmann, Hanna Dorina"]
[Result "1-0"]
[WhiteElo "1623"]
[BlackElo "1536"]
[PlyCount "125"]
[EventDate "2012.12.27"]
[EventType "team-swiss"]
[EventRounds "7"]
[EventCountry "GER"]
[SourceTitle "EXT 2014"]
[Source "ChessBase"]
[SourceDate "2013.11.20"]
[SourceVersion "1"]
[SourceVersionDate "2013.11.20"]
[SourceQuality "1"]
[WhiteTeam "Leipzig Lindenau"]
[BlackTeam "Dortmund 1875"]
[WhiteTeamCountry "GER"]
[BlackTeamCountry "GER"]

1. e4 e5 2. Nf3 Nc6 3. d4 exd4 4. Nxd4 Bc5 5. Be3 Qf6 6. c3 Nge7 7. Bc4 Ne5 8. Bb3 Qg6 9. 0-0 0-0 10. Nf5 Bd6 11. Nxd6 cxd6 12. Nd2 b6 13. Nf3 Bb7 14. Nxe5 dxe5 15. Qxd7 Qxe4 16. Qh3 Ng6 17. Rfe1 Qh4 18. Qg3 Qxg3 19. hxg3 Kh8 20. Rad1 Bc6 21. Rd6 Ne7 22. Red1 Rac8 23. Bg5 Nf5 24. Rd8 f6 25. Rxc8 Rxc8 26. Bxf6 gxf6 27. Be6 Re8 28. Bxf5 Re7 29. Rd6 Bb7 30. Rxf6 Kg7 31. Rd6 Rf7 32. Be6 Re7 33. Rd7 Rxd7 34. Bxd7 Kf6 35. f3 Kg5 36. Kf2 h5 37. Ke3 h4 38. f4+ exf4+ 39. gxf4+ Kf6 40. Bh3 Bc6 41. Kf2 Bb7 42. g3 hxg3+ 43. Kxg3 Be4 44. Kf2 Ke7 45. Ke3 Bd5 46. a3 Kd6 47. Kd4 Bc6 48. Bf5 Bd5 49. Bg6 Be6 50. f5 Bb3 51. f6 Ke6 52. f7 Ke7 53. Ke5 Bc4 54. b4 Ba6 55. a4 Bb7 56. a5 bxa5 57. bxa5 Bc6 58. Kd4 Bd7 59. Kc5 Ba4 60. c4 Bd7 61. f8Q+ Kxf8 62. Kd6 Ba4 63. c5 1-0

[Event "GER-chT U20 Girls"]
[Site "Osnabrueck"]
[Date "2012.12.28"]
[Round "3.1"]
[White "Wilke, Tabea"]
[Black "Hoffmann, Hanna Dorina"]
[Result "1/2-1/2"]
[WhiteElo "1430"]
[BlackElo "1536"]
[PlyCount "85"]
[EventDate "2012.12.27"]
[EventType "team-swiss"]
[EventRounds "7"]
[EventCountry "GER"]
[SourceTitle "EXT 2014"]
[Source "ChessBase"]
[SourceDate "2013.11.20"]
[SourceVersion "1"]
[SourceVersionDate "2013.11.20"]
[SourceQuality "1"]
[WhiteTeam "Hattersheim"]
[BlackTeam "Dortmund 1875"]
[WhiteTeamCountry "GER"]
[BlackTeamCountry "GER"]

1. e4 c5 2. Nc3 d6 3. Bb5+ Bd7 4. Bxd7+ Qxd7 5. f4 Nc6 6. d3 Nf6 7. Nf3 Qg4 8. 0-0 h5 9. f5 h4 10. Ng5 Nd4 11. Qxg4 Nxg4 12. h3 Nxc2 13. hxg4 Nxa1 14. Nb5 Rb8 15. Rf2 a6 16. Nc7+ Kd7 17. Nxf7 Rg8 18. Nd5 g5 19. e5 dxe5 20. b3 Rg7 21. Nxe5+ Kd6 22. Bb2 Kxd5 23. Nd7 Rd8 24. Nxf8 Rf7 25. Ne6 Rd6 26. Bxa1 Kc6 27. Rd2 b6 28. Be5 Rd5 29. d4 Rh7 30. Kh2 Rh6 31. Rc2 Kd7 32. b4 Rxe6 33. fxe6+ Kxe6 34. Bc7 cxd4 35. Bxb6 Kd7 36. Rd2 e5 37. Rd3 Kc6 38. Bc5 Kb5 39. Kg1 Kc4 40. Rd1 Kc3 41. Kf1 d3 42. Be3 e4 43. Bd2+ 1/2-1/2

[Event "BL2 West 1112 (Women)"]
[Site "Germany"]
[Date "2012.02.11"]
[Round "6.2"]
[White "Hoffmann, Hanna Dorina"]
[Black "Schulze, Dorothee"]
[Result "0-1"]
[WhiteElo "1551"]
[BlackElo "2009"]
[PlyCount "98"]
[EventDate "2011.10.29"]
[EventType "team-tourn"]
[EventRounds "7"]
[EventCountry "GER"]
[SourceTitle "EXT 2013"]
[Source "ChessBase"]
[SourceDate "2012.11.22"]
[SourceVersion "1"]
[SourceVersionDate "2012.11.22"]
[SourceQuality "1"]
[WhiteTeam "Dortmund 1875 (W)"]
[BlackTeam "Lehrte (W)"]
[WhiteTeamCountry "GER"]
[BlackTeamCountry "GER"]

1. e4 c5 2. Nf3 Nc6 3. d4 cxd4 4. Nxd4 g6 5. Be3 Bg7 6. Nc3 Nf6 7. Qd2 d5 8. Bb5 Bd7 9. exd5 Nb4 10. Bxd7+ Qxd7 11. 0-0-0 0-0 12. Nb3 Rfd8 13. Bc5 Nbxd5 14. Nxd5 Nxd5 15. c4 Rac8 16. Kb1 Nc3+ 17. Kc1 Nxd1 18. Qxd7 Bxb2+ 19. Kxd1 Rxd7+ 20. Kc2 Bf6 21. Be3 Rxc4+ 22. Kb1 b5 23. h3 Kg7 24. g4 h6 25. Rg1 Rdc7 26. Re1 Rd7 27. Rg1 Bc3 28. h4 e5 29. Bc1 a5 30. Ba3 a4 31. Nc5 Rd2 32. Rf1 Rxg4 33. f4 b4 34. Ne4 Rd4 35. Nxc3 bxc3 36. fxe5 Rde4 37. Kc2 Rxh4 38. Be7 Rhf4 39. Bf6+ Kh7 40. Rd1 g5 41. Kxc3 Rc4+ 42. Kb2 g4 43. Rh1 Kg6 44. Rg1 h5 45. Rd1 g3 46. Re1 Rxf6 47. exf6 Rg4 48. Kc2 g2 49. Rg1 h4 0-1

[Event "GER-chT U20 Girls"]
[Site "Osnabrueck"]
[Date "2011.12.30"]
[Round "7.2"]
[White "Edel, Fenja"]
[Black "Hoffmann, Hanna Dorina"]
[Result "1-0"]
[WhiteElo "1488"]
[BlackElo "1551"]
[PlyCount "47"]
[EventDate "2011.12.27"]
[EventType "team-swiss"]
[EventRounds "7"]
[EventCountry "GER"]
[SourceTitle "CBM 146 Extra"]
[Source "ChessBase"]
[SourceDate "2012.02.29"]
[SourceVersion "1"]
[SourceVersionDate "2012.02.29"]
[SourceQuality "1"]
[WhiteTeam "Lingen (W)"]
[BlackTeam "Dortmund 1875 (W)"]
[WhiteTeamCountry "GER"]
[BlackTeamCountry "GER"]

1. e4 e5 2. Nc3 Nf6 3. Bc4 Bc5 4. d3 h6 5. f4 exf4 6. Bxf4 d6 7. Na4 Nbd7 8. Nxc5 Nxc5 9. Nf3 d5 10. exd5 Nxd5 11. Bxd5 Qxd5 12. Qe2+ Kd8 13. 0-0 Re8 14. Qf2 Bg4 15. Qh4+ g5 16. Qxg4 gxf4 17. Qxf4 Qh5 18. Qh4+ Qxh4 19. Nxh4 Re2 20. Rxf7 Nd7 21. Rh7 Nf6 22. Rxh6 Ke7 23. Nf5+ Ke6 24. Nd4+ 1-0

[Event "GER-chT U20 Girls"]
[Site "Osnabrueck"]
[Date "2011.12.29"]
[Round "6.2"]
[White "Kaden, Romy"]
[Black "Hoffmann, Hanna Dorina"]
[Result "1-0"]
[WhiteElo "1627"]
[BlackElo "1551"]
[PlyCount "45"]
[EventDate "2011.12.27"]
[EventType "team-swiss"]
[EventRounds "7"]
[EventCountry "GER"]
[SourceTitle "CBM 146 Extra"]
[Source "ChessBase"]
[SourceDate "2012.02.29"]
[SourceVersion "1"]
[SourceVersionDate "2012.02.29"]
[SourceQuality "1"]
[WhiteTeam "Chemnitz Aufbau (W)"]
[BlackTeam "Dortmund 1875 (W)"]
[WhiteTeamCountry "GER"]
[BlackTeamCountry "GER"]

1. e4 c5 2. c3 d6 3. d4 cxd4 4. cxd4 Nf6 5. Nc3 g6 6. Bg5 Bg7 7. Qd2 0-0 8. Bh6 Nc6 9. Bxg7 Kxg7 10. Nf3 a6 11. Be2 b5 12. Qf4 Nh5 13. Qe3 Qb6 14. 0-0 Nf6 15. Rac1 Bb7 16. Rfd1 Rfe8 17. e5 dxe5 18. dxe5 Qxe3 19. exf6+ exf6 20. fxe3 Rxe3 21. Kf2 Re7 22. Nd5 Re4 23. Bd3 1-0

[Event "GER-chT U20 Girls"]
[Site "Osnabrueck"]
[Date "2011.12.27"]
[Round "1.2"]
[White "Evers, Annika"]
[Black "Hoffmann, Hanna Dorina"]
[Result "1-0"]
[WhiteElo "1731"]
[BlackElo "1551"]
[PlyCount "53"]
[EventDate "2011.12.27"]
[EventType "team-swiss"]
[EventRounds "7"]
[EventCountry "GER"]
[SourceTitle "CBM 146 Extra"]
[Source "ChessBase"]
[SourceDate "2012.02.29"]
[SourceVersion "1"]
[SourceVersionDate "2012.02.29"]
[SourceQuality "1"]
[WhiteTeam "Leipzig Lindenau (W)"]
[BlackTeam "Dortmund 1875 (W)"]
[WhiteTeamCountry "GER"]
[BlackTeamCountry "GER"]

1. d4 d5 2. Nf3 c6 3. e3 Nf6 4. Bd3 Nbd7 5. b3 Qc7 6. Bb2 e6 7. Nbd2 b6 8. Ne5 Bd6 9. f4 c5 10. 0-0 cxd4 11. exd4 Bb7 12. Rc1 Rc8 13. Ndf3 Ne4 14. Bb5 Nef6 15. Nxd7 Nxd7 16. Ne5 Bxe5 17. fxe5 0-0 18. Ba3 Rfe8 19. Bd6 Qd8 20. Rf3 a6 21. Bd3 Rc6 22. Rh3 h6 23. Qg4 Qg5 24. Qxg5 hxg5 25. Bh7+ Kh8 26. Rf1 Nf8 27. Bg6+ 1-0

[Event "BL2 West 1112 (Women)"]
[Site "Germany"]
[Date "2011.11.27"]
[Round "4.3"]
[White "Winter, Astrid"]
[Black "Hoffmann, Hanna Dorina"]
[Result "1-0"]
[WhiteElo "2020"]
[BlackElo "1551"]
[PlyCount "43"]
[EventDate "2011.10.29"]
[EventType "team-tourn"]
[EventRounds "7"]
[EventCountry "GER"]
[SourceTitle "EXT 2013"]
[Source "ChessBase"]
[SourceDate "2012.11.22"]
[SourceVersion "1"]
[SourceVersionDate "2012.11.22"]
[SourceQuality "1"]
[WhiteTeam "Krefeld Turm (W)"]
[BlackTeam "Dortmund 1875 (W)"]
[WhiteTeamCountry "GER"]
[BlackTeamCountry "GER"]

1. e4 e5 2. Nf3 Nc6 3. Bc4 Bc5 4. d3 Nge7 5. Nc3 h6 6. a3 d6 7. h3 Ng6 8. Be3 Bxe3 9. fxe3 0-0 10. Qd2 a6 11. d4 b5 12. Bd5 Nge7 13. Ba2 Bb7 14. 0-0 Kh8 15. Nh4 Ng8 16. Qf2 Nf6 17. Nf5 Ne7 18. Nxh6 Qe8 19. Qh4 Nh7 20. Nxf7+ Rxf7 21. Rxf7 Ng8 22. Qg4 1-0

[Event "BL2 West 1112 (Women)"]
[Site "Germany"]
[Date "2011.11.26"]
[Round "3.4"]
[White "Kloster, Elisabeth"]
[Black "Hoffmann, Hanna Dorina"]
[Result "1-0"]
[WhiteElo "1718"]
[BlackElo "1551"]
[PlyCount "119"]
[EventDate "2011.10.29"]
[EventType "team-tourn"]
[EventRounds "7"]
[EventCountry "GER"]
[SourceTitle "EXT 2013"]
[Source "ChessBase"]
[SourceDate "2012.11.22"]
[SourceVersion "1"]
[SourceVersionDate "2012.11.22"]
[SourceQuality "1"]
[WhiteTeam "Heiden (W)"]
[BlackTeam "Dortmund 1875 (W)"]
[WhiteTeamCountry "GER"]
[BlackTeamCountry "GER"]

1. e4 c5 2. Nf3 d6 3. d4 cxd4 4. Nxd4 Bd7 5. Nc3 Nc6 6. Bc4 Rc8 7. Bb3 g6 8. 0-0 Bg7 9. Be3 Nf6 10. f3 0-0 11. Qd2 Re8 12. Rad1 Ne5 13. Bf2 Nc4 14. Bxc4 Rxc4 15. Qd3 Qc8 16. Nb3 Nh5 17. Qe3 b6 18. Nd4 Be5 19. Nde2 Rf8 20. Nd5 Re8 21. c3 Be6 22. Nb4 f5 23. Nd3 Bf6 24. Nd4 Qd7 25. e5 Bg7 26. Rfe1 Rxd4 27. cxd4 d5 28. Rc1 Rc8 29. Rxc8+ Qxc8 30. Rc1 Qd7 31. Qd2 Bf7 32. Qc3 Be6 33. Be3 Kf7 34. Nb4 f4 35. Bf2 g5 36. Qc6 Qxc6 37. Rxc6 g4 38. fxg4 Bxg4 39. Nxd5 f3 40. Ne3 Be6 41. gxf3 Nf4 42. Rc7 Bh3 43. Bh4 Ne2+ 44. Kf2 Nxd4 45. Rxe7+ Kg8 46. f4 Bh6 47. Nd5 Nf5 48. Nf6+ Kf8 49. Nxh7+ Kg8 50. Nf6+ Kf8 51. Re8+ Kf7 52. e6+ Kg6 53. Rg8+ Bg7 54. Ne8 Kh7 55. Rxg7+ Nxg7 56. Nxg7 Kxg7 57. e7 Kf7 58. Kf3 Be6 59. a3 Bb3 60. Ke4 1-0

[Event "GER-chT U20 Girls"]
[Site "Magdeburg"]
[Date "2010.12.29"]
[Round "6.1"]
[White "Baisakow, Christine"]
[Black "Hoffmann, Hanna Dorina"]
[Result "0-1"]
[WhiteElo "1383"]
[BlackElo "1549"]
[PlyCount "74"]
[EventDate "2010.12.27"]
[EventType "team-swiss"]
[EventRounds "7"]
[EventCountry "GER"]
[SourceTitle "CBM 140 Extra"]
[Source "ChessBase"]
[SourceDate "2011.03.01"]
[SourceVersion "1"]
[SourceVersionDate "2011.03.01"]
[SourceQuality "1"]
[WhiteTeam "Nordhorn Blanke"]
[BlackTeam "Dortmund"]
[WhiteTeamCountry "GER"]
[BlackTeamCountry "GER"]

1. e4 e5 2. d4 exd4 3. Qxd4 Nc6 4. Qe3 g6 5. Nc3 Bg7 6. Bd2 Nge7 7. Bd3 d6 8. f4 Bd7 9. 0-0-0 Nd4 10. Nf3 c5 11. h4 Bg4 12. Rdf1 0-0 13. e5 Nef5 14. Qe1 Bxf3 15. gxf3 Re8 16. Be4 dxe5 17. Qf2 Bh6 18. Bxb7 Rb8 19. Be4 Qb6 20. b3 Bxf4 21. Bxf4 exf4 22. Bxf5 Nxf5 23. Na4 Qf6 24. Nxc5 Rbd8 25. Kb1 Ng3 26. Ne4 Nxe4 27. fxe4 Rxe4 28. Qxa7 Qc3 29. Qa3 Rde8 30. Qc1 f3 31. a4 f2 32. Ka2 Re2 33. Rxf2 Rxf2 34. Kb1 Ree2 35. Rd1 Rxc2 36. Qxc2 Qxc2+ 37. Ka1 Qa2# 0-1

[Event "GER-chT U20 Girls "]
[Site "Chemnitz"]
[Date "2009.12.30"]
[Round "7.1"]
[White "Erben, Larissa"]
[Black "Hoffmann, Hanna Dorina"]
[Result "1/2-1/2"]
[WhiteElo "2023"]
[BlackElo "1589"]
[PlyCount "42"]
[EventDate "2009.12.27"]
[EventType "team-swiss"]
[EventRounds "7"]
[EventCountry "GER"]
[SourceTitle "EXT 2022"]
[Source "ChessBase"]
[SourceDate "2021.10.06"]
[SourceVersion "1"]
[SourceVersionDate "2021.10.06"]
[SourceQuality "1"]
[WhiteTeam "Stuttgart Wolfbusch U20 Girls"]
[BlackTeam "Dortmund SV U20 Girls"]
[WhiteTeamCountry "GER"]
[BlackTeamCountry "GER"]

1. e4 e6 2. d4 d5 3. exd5 exd5 4. Nf3 Nf6 5. c4 c6 6. Nc3 Bb4 7. Be2 0-0 8. 0-0 Re8 9. Bg5 Bg4 10. cxd5 Bxc3 11. dxc6 Nxc6 12. bxc3 h6 13. Bh4 g5 14. Bg3 Ne4 15. Qc2 Nxc3 16. Bc4 Ne4 17. Ne5 Nxe5 18. Bxe5 Bf5 19. Bd3 Rc8 20. Qe2 Nc3 21. Qf3 Bxd3 1/2-1/2

[Event "GER-chT U20 Girls "]
[Site "Chemnitz"]
[Date "2009.12.27"]
[Round "2.1"]
[White "Sonnhalter, Stella"]
[Black "Hoffmann, Hanna Dorina"]
[Result "1-0"]
[WhiteElo "1730"]
[BlackElo "1589"]
[PlyCount "43"]
[EventDate "2009.12.27"]
[EventType "team-swiss"]
[EventRounds "7"]
[EventCountry "GER"]
[SourceTitle "EXT 2022"]
[Source "ChessBase"]
[SourceDate "2021.10.06"]
[SourceVersion "1"]
[SourceVersionDate "2021.10.06"]
[SourceQuality "1"]
[WhiteTeam "Heusweiler SC Reti U20 Girls"]
[BlackTeam "Dortmund SV U20 Girls"]
[WhiteTeamCountry "GER"]
[BlackTeamCountry "GER"]

1. e4 c5 2. Nf3 d6 3. d4 cxd4 4. Nxd4 Nf6 5. Nc3 g6 6. Be3 Bg7 7. f3 Bd7 8. Qd2 Nc6 9. g4 0-0 10. 0-0-0 Rc8 11. Kb1 Ne5 12. h4 Nc4 13. Bxc4 Rxc4 14. h5 Qa5 15. Nb3 Qc7 16. Bh6 Rc8 17. Bxg7 Kxg7 18. hxg6 fxg6 19. Qh6+ Kg8 20. Nd5 Nxd5 21. Qxh7+ Kf8 22. Qh8+ 1-0

[Event "GER-ch Schools U18 Girls"]
[Site "Germany"]
[Date "2009.05.17"]
[Round "5.1"]
[White "Heinemann, Josefine"]
[Black "Hoffmann, Hanna Dorina"]
[Result "1/2-1/2"]
[WhiteElo "1120"]
[BlackElo "1398"]
[PlyCount "100"]
[EventDate "2009.05.16"]
[EventType "team-swiss"]
[EventRounds "7"]
[EventCountry "GER"]
[SourceTitle "EXT 2011"]
[Source "ChessBase"]
[SourceDate "2010.11.26"]
[SourceVersion "1"]
[SourceVersionDate "2010.11.26"]
[SourceQuality "1"]
[WhiteTeam "Magdeburg WvSG (W)"]
[BlackTeam "Mallinckrodt Do (W)"]
[WhiteTeamCountry "GER"]
[BlackTeamCountry "GER"]

1. e4 c5 2. Nf3 d6 3. d4 cxd4 4. Nxd4 Nf6 5. Nc3 g6 6. Be3 Bg7 7. f3 0-0 8. Bc4 Bd7 9. Qd2 Nc6 10. Nb3 Ne5 11. Be2 a6 12. 0-0-0 Rc8 13. Bh6 a5 14. Bxg7 Kxg7 15. Nd5 Nxd5 16. Qxd5 Qc7 17. Qd2 Ba4 18. Kb1 Kg8 19. Rc1 b6 20. Ba6 Rb8 21. Be2 Nc4 22. Bxc4 Qxc4 23. h4 f6 24. Qd5+ Qxd5 25. exd5 Bxb3 26. cxb3 Rbc8 27. a3 Rfd8 28. Rhe1 Kf7 29. Rc6 Rxc6 30. dxc6 Rc8 31. Rc1 e5 32. b4 axb4 33. axb4 b5 34. c7 Ke7 35. Rc6 d5 36. Kc2 f5 37. Kd3 Kd7 38. Rc5 Kd6 39. Rxb5 Rxc7 40. Rb6+ Rc6 41. Rb7 Rc7 42. Rb6+ Rc6 43. Rb7 e4+ 44. fxe4 dxe4+ 45. Ke3 Rc4 46. Rxh7 Rxb4 47. Rh6 Rb3+ 48. Kf4 e3 49. Rxg6+ Ke7 50. Rg5 e2 1/2-1/2

[Event "GER-ch Schools U18 Girls"]
[Site "Germany"]
[Date "2009.05.16"]
[Round "1.1"]
[White "Klinger, Jacquelin"]
[Black "Hoffmann, Hanna Dorina"]
[Result "1-0"]
[WhiteElo "1329"]
[BlackElo "1398"]
[PlyCount "102"]
[EventDate "2009.05.16"]
[EventType "team-swiss"]
[EventRounds "7"]
[EventCountry "GER"]
[SourceTitle "EXT 2011"]
[Source "ChessBase"]
[SourceDate "2010.11.26"]
[SourceVersion "1"]
[SourceVersionDate "2010.11.26"]
[SourceQuality "1"]
[WhiteTeam "Wattenscheid (W)"]
[BlackTeam "Mallinckrodt Do (W)"]
[WhiteTeamCountry "GER"]
[BlackTeamCountry "GER"]

1. e4 c5 2. g3 d6 3. Bg2 Nf6 4. d3 g6 5. Nc3 Bg7 6. Bg5 0-0 7. f3 Nc6 8. Nge2 Nd4 9. Qd2 Be6 10. g4 Qb6 11. b3 Nxe2 12. Kxe2 Rfe8 13. h4 Qb4 14. Na4 Qxd2+ 15. Kxd2 Nxg4 16. fxg4 Bxa1 17. Rxa1 Bxg4 18. Nc3 f6 19. Bf4 Rac8 20. Re1 Kg7 21. Rg1 Bh5 22. Be3 a6 23. Bh3 Rcd8 24. Nd5 Rb8 25. Nf4 e5 26. Nxh5+ Kf7 27. Ng3 Rg8 28. Ne2 Rbd8 29. Nc3 Rgf8 30. Bh6 Rfe8 31. Nd5 Re7 32. Nxe7 Kxe7 33. Rf1 d5 34. exd5 Rxd5 35. Bg2 Rd4 36. Bg7 Rf4 37. Rxf4 exf4 38. Bxb7 Ke6 39. Bh6 Kf5 40. Ke2 Kg4 41. Kf2 g5 42. hxg5 fxg5 43. Bf3+ Kf5 44. Be4+ Kg4 45. Bxg5 Kxg5 46. Bxh7 Kg4 47. Be4 a5 48. Bc6 Kg5 49. Kf3 Kf5 50. c3 Ke5 51. a3 Kd6 1-0

[Event "GER-chT U14 Girls"]
[Site "Stuttgart"]
[Date "2007.12.28"]
[Round "3.1"]
[White "Falke, Cynthia"]
[Black "Hoffmann, Hanna Dorina"]
[Result "1-0"]
[WhiteElo "1442"]
[BlackElo "1358"]
[PlyCount "53"]
[EventDate "2007.12.27"]
[EventType "team-swiss"]
[EventRounds "7"]
[EventCountry "GER"]
[SourceTitle "EXT 2009"]
[Source "ChessBase"]
[SourceDate "2008.11.26"]
[SourceVersion "1"]
[SourceVersionDate "2008.11.26"]
[SourceQuality "1"]
[WhiteTeam "Harksheide U14 Girls"]
[BlackTeam "Dortmund SV U14 Girls"]
[WhiteTeamCountry "GER"]
[BlackTeamCountry "GER"]

1. e4 c5 2. Nc3 a6 3. d3 d6 4. Nf3 Nf6 5. g3 e6 6. Bg2 Be7 7. 0-0 0-0 8. Qe2 e5 9. Nh4 Nc6 10. f4 Bg4 11. Bf3 Bh3 12. Re1 Bd7 13. f5 Nd4 14. Qf2 b5 15. Kh1 b4 16. Nd1 Rc8 17. c3 bxc3 18. Nxc3 Qc7 19. Rg1 Rfe8 20. Bd1 Bc6 21. b3 Ba8 22. g4 h6 23. g5 hxg5 24. Bxg5 Kh8 25. Qg3 Rg8 26. Qh3 Nh7 27. Ng6+ 1-0

[Event "NRW-ch U14 Girls"]
[Site "Kranenburg"]
[Date "2007.04.12"]
[Round "5"]
[White "Brune, Lena Marie"]
[Black "Hoffmann, Hanna Dorina"]
[Result "0-1"]
[WhiteElo "898"]
[BlackElo "1022"]
[PlyCount "82"]
[EventDate "2007.04.09"]
[EventType "swiss"]
[EventRounds "7"]
[EventCountry "GER"]
[SourceTitle "EXT 2008"]
[Source "ChessBase"]
[SourceDate "2007.11.25"]
[SourceVersion "1"]
[SourceVersionDate "2007.11.25"]
[SourceQuality "1"]

1. e4 c5 2. Bc4 e6 3. Nc3 a6 4. d3 Nf6 5. Nf3 d6 6. 0-0 Nbd7 7. Be3 Be7 8. d4 cxd4 9. Bxd4 b5 10. Bd3 Bb7 11. Re1 0-0 12. e5 dxe5 13. Nxe5 Nxe5 14. Bxe5 Nd5 15. Qh5 f5 16. Ne2 Bf6 17. Nd4 Bxe5 18. Nxe6 Nf4 19. Nxf4 Bxf4 20. Bxf5 g6 21. Bxg6 hxg6 22. Qxg6+ Kh8 23. Qh5+ Kg7 24. Qg4+ Qg5 25. Re7+ Kg8 26. Qxg5+ Bxg5 27. Rxb7 Rfe8 28. b3 Re6 29. Rc7 Rae8 30. g3 b4 31. Rb7 a5 32. Rb5 Bd8 33. a3 Re1+ 34. Rxe1 Rxe1+ 35. Kg2 bxa3 36. Rb8 Rd1 37. c4 a2 38. b4 axb4 39. Rxb4 a1Q 40. c5 Qa8+ 41. Kh3 Qc8+ 0-1

[Event "NRW-ch U14 Girls"]
[Site "Kranenburg"]
[Date "2007.04.10"]
[Round "2"]
[White "Schrader, Elanor"]
[Black "Hoffmann, Hanna Dorina"]
[Result "1-0"]
[WhiteElo "1083"]
[BlackElo "1022"]
[PlyCount "53"]
[EventDate "2007.04.09"]
[EventType "swiss"]
[EventRounds "7"]
[EventCountry "GER"]
[SourceTitle "EXT 2008"]
[Source "ChessBase"]
[SourceDate "2007.11.25"]
[SourceVersion "1"]
[SourceVersionDate "2007.11.25"]
[SourceQuality "1"]

1. e4 c5 2. Nf3 d6 3. Bb5+ Bd7 4. Bxd7+ Nxd7 5. 0-0 Ngf6 6. Re1 e5 7. c3 Be7 8. d4 cxd4 9. cxd4 0-0 10. Bg5 Qb6 11. Qd2 d5 12. exd5 Bb4 13. Nc3 Rac8 14. dxe5 Ne8 15. a3 Bxc3 16. bxc3 Nc7 17. Rab1 Qa6 18. e6 Nc5 19. Be7 Nd3 20. Bxf8 Nxe1 21. Rxe1 Rxf8 22. e7 Rb8 23. d6 Ne6 24. d7 h6 25. e8Q+ Rxe8 26. dxe8Q+ Kh7 27. Qc2+ 1-0